000 00504nam a2200169Ia 4500
999 _c14559
_d14559
003 OSt
005 20201116104214.0
008 190216s9999||||xx |||||||||||||| ||und||
040 _coclc
082 _a421
_bRAN/B
100 _aRani, D Sudha
_96391
245 0 _aBusiness Communication And Soft Skills Laboratory Manual /
_cSudha Rani
260 _bPearson Education Asia,
_c2011.
_aNew delhi:
300 _a260p
650 _aEnglish
942 _cBK
_2ddc
_h421
_iRAN/B
_k421
_mRAN/B